000 00838nam a2200253Ia 4500
003 OSt
005 20221005133833.0
006 a|||||r|||| 00| 0
007 ta
008 221004b |||||||| |||| 00| 0 pan d
020 _c280
024 _a26619
037 _b979, 16/12/2015, H.K. Prakashan
_cTextual
040 _aCRL
_cCRL
_bpan
041 _2pan
_apan
082 _aV243.P, 153Q4
100 _aਢਿੱਲੋ੍ਵ, Fਿੰਗਾਰਾ ਸਿੰਘ
_9642619
245 0 _aਰੰਗਲਾ ਪੰਜਾਬ ਕਿ ਕੰਗਲਾ ਪੰਜਾਬ
260 _c2014
300 _a280ਪੰ
_ccm.
650 _aਭਾਰਤੀਯ ਇਤਿਹਾਸ
942 _hV243.P, 153Q4
_cTEXL
_2cc
999 _c1068040
_d1068040